Bài giảng quy hoạch sử dụng đất

Bài giảng gồm Chương 5 chương giới thiệu tính chất, mục tiêu, phạm vi, con người và tiến trình tổng quan trong qui hoạch, các vấn đề cơ bản, thực hiện phương pháp tổng hợp cho quy hoạch sử dụng bền vững nguồn tài nguyên đất đai, các bưo...

Szczegółowa specyfikacja

Zapisane w:
Opis bibliograficzny
1. autor: Lê, Quang Trí
Format: Książka
Język:Undetermined
Wydane: Cần Thơ Trường Đại học Cần Thơ 2000
Hasła przedmiotowe:
Etykiety: Dodaj etykietę
Nie ma etykietki, Dołącz pierwszą etykiete!
Thư viện lưu trữ: Trung tâm Học liệu Trường Đại học Cần Thơ
LEADER 01064nam a2200193Ia 4500
001 CTU_39146
008 210402s9999 xx 000 0 und d
082 |a 631.47 
082 |b Tr300 
100 |a Lê, Quang Trí 
245 0 |a Bài giảng quy hoạch sử dụng đất 
245 0 |c Lê Quang Trí (Biên soạn) 
260 |a Cần Thơ 
260 |b Trường Đại học Cần Thơ 
260 |c 2000 
520 |a Bài giảng gồm Chương 5 chương giới thiệu tính chất, mục tiêu, phạm vi, con người và tiến trình tổng quan trong qui hoạch, các vấn đề cơ bản, thực hiện phương pháp tổng hợp cho quy hoạch sử dụng bền vững nguồn tài nguyên đất đai, các bước trong qui hoạch sử dụng đất đai, phương pháp và nguồn tài liệu. 
650 |a Land use, rural,Soil science,Soil surveys 
904 |i Thùy Trang (sửa) 
980 |a Trung tâm Học liệu Trường Đại học Cần Thơ